<?xml version="1.0" encoding="UTF-8"?>
<record
    xmlns:xsi="http://www.w3.org/2001/XMLSchema-instance"
    xsi:schemaLocation="http://www.loc.gov/MARC21/slim http://www.loc.gov/standards/marcxml/schema/MARC21slim.xsd"
    xmlns="http://www.loc.gov/MARC21/slim">

  <leader>01626nas a22002894a 4500</leader>
  <controlfield tag="007">ta</controlfield>
  <controlfield tag="008">180427b20141996mx mu|p| |||| 00| 0 spa d</controlfield>
  <datafield tag="017" ind1=" " ind2=" ">
    <subfield code="a">04-2010-090816083700-102</subfield>
  </datafield>
  <datafield tag="022" ind1=" " ind2=" ">
    <subfield code="a">18709397</subfield>
  </datafield>
  <datafield tag="040" ind1=" " ind2=" ">
    <subfield code="a">ULSAOAX</subfield>
    <subfield code="c">ULSAOAX</subfield>
    <subfield code="d">ULSAOAX</subfield>
  </datafield>
  <datafield tag="041" ind1="0" ind2=" ">
    <subfield code="a">spa</subfield>
  </datafield>
  <datafield tag="050" ind1="1" ind2="4">
    <subfield code="a">REV</subfield>
    <subfield code="b">MEXDESE</subfield>
  </datafield>
  <datafield tag="110" ind1="2" ind2=" ">
    <subfield code="a">Impresiones A&#xE9;reas</subfield>
    <subfield code="9">18392</subfield>
  </datafield>
  <datafield tag="245" ind1="0" ind2="0">
    <subfield code="a">M&#xE9;xico Desconocido Gu&#xED;a Especial /</subfield>
    <subfield code="c">Impresiones A&#xE9;reas S.A. de C.V.</subfield>
  </datafield>
  <datafield tag="260" ind1="3" ind2=" ">
    <subfield code="a">M&#xE9;xico :</subfield>
    <subfield code="b">Impresiones A&#xE9;reas S.A. de C.V.</subfield>
  </datafield>
  <datafield tag="300" ind1=" " ind2=" ">
    <subfield code="b">fotos; ilustraciones ;</subfield>
    <subfield code="c">27.5 cm.</subfield>
  </datafield>
  <datafield tag="310" ind1=" " ind2=" ">
    <subfield code="a">Mensual.</subfield>
  </datafield>
  <datafield tag="504" ind1=" " ind2=" ">
    <subfield code="a">Incluye referencias bibliogr&#xE1;ficas</subfield>
  </datafield>
  <datafield tag="520" ind1="1" ind2=" ">
    <subfield code="a">Descubre M&#xE9;xico y sus destinos: ciudades, pueblos m&#xE1;gicos, playas, zonas arqueol&#xF3;gicas, gastronom&#xED;a y cultura. M&#xE9;xico Desconocido, con m&#xE1;s de 40 a&#xF1;os, ha sido pionero en reconocer y transmitir la riqueza inabarcable que tiene el pa&#xED;s y que est&#xE1; ah&#xED; para ser descubierta. El amor por lo propio no es una moda: es identidad y nuestras plumas (Armando Vega-Gil, Carlos Lazcano, Gustavo Vela, Alfredo Mart&#xED;nez, Jimena Acevedo) y lentes (Claudio Contreras-Koob, Sergio Tapiro, Roberto Pedraza, Rodrigo Cruz) orientan, conmueven, transmiten la risa, informan con precisi&#xF3;n y recomiendan lo m&#xE1;s aut&#xE9;ntico para que tu pr&#xF3;ximo viaje te cambie la vida, la tuya y la de tus anfitriones.</subfield>
  </datafield>
  <datafield tag="650" ind1="1" ind2=" ">
    <subfield code="a">Turismo</subfield>
    <subfield code="z">M&#xE9;xico.</subfield>
    <subfield code="9">6351</subfield>
  </datafield>
  <datafield tag="650" ind1="1" ind2="0">
    <subfield code="a">Turismo</subfield>
    <subfield code="x">Aventura</subfield>
    <subfield code="9">20741</subfield>
  </datafield>
  <datafield tag="650" ind1="1" ind2="0">
    <subfield code="a">Turismo</subfield>
    <subfield code="x">Destinos tur&#xED;sticos</subfield>
    <subfield code="9">20733</subfield>
  </datafield>
  <datafield tag="650" ind1="1" ind2="0">
    <subfield code="a">Turismo</subfield>
    <subfield code="x">Gastronomia</subfield>
    <subfield code="9">20935</subfield>
  </datafield>
  <datafield tag="700" ind1="1" ind2=" ">
    <subfield code="a">Santos, Prun,</subfield>
    <subfield code="e">editor</subfield>
    <subfield code="9">20744</subfield>
  </datafield>
  <datafield tag="856" ind1="4" ind2="0">
    <subfield code="3">Sitio de la Revista</subfield>
    <subfield code="u">https://www.mexicodesconocido.com.mx/</subfield>
  </datafield>
  <datafield tag="942" ind1=" " ind2=" ">
    <subfield code="2">lcc</subfield>
    <subfield code="c">REV</subfield>
  </datafield>
  <datafield tag="999" ind1=" " ind2=" ">
    <subfield code="c">20041</subfield>
    <subfield code="d">20041</subfield>
  </datafield>
  <datafield tag="952" ind1=" " ind2=" ">
    <subfield code="0">0</subfield>
    <subfield code="1">0</subfield>
    <subfield code="2">lcc</subfield>
    <subfield code="4">0</subfield>
    <subfield code="7">0</subfield>
    <subfield code="a">001</subfield>
    <subfield code="b">001</subfield>
    <subfield code="c">3</subfield>
    <subfield code="d">2018-04-27</subfield>
    <subfield code="e">2</subfield>
    <subfield code="h">2012 Sinaloa</subfield>
    <subfield code="l">0</subfield>
    <subfield code="o">REV MEXDESE</subfield>
    <subfield code="p">RE00000574</subfield>
    <subfield code="r">2018-04-27 00:00:00</subfield>
    <subfield code="t">Ej.1</subfield>
    <subfield code="w">2018-04-27</subfield>
    <subfield code="y">REV</subfield>
  </datafield>
  <datafield tag="952" ind1=" " ind2=" ">
    <subfield code="0">0</subfield>
    <subfield code="1">0</subfield>
    <subfield code="2">lcc</subfield>
    <subfield code="4">0</subfield>
    <subfield code="7">0</subfield>
    <subfield code="a">001</subfield>
    <subfield code="b">001</subfield>
    <subfield code="c">3</subfield>
    <subfield code="d">2018-04-27</subfield>
    <subfield code="e">2</subfield>
    <subfield code="h">2012 Sinaloa</subfield>
    <subfield code="l">2</subfield>
    <subfield code="m">1</subfield>
    <subfield code="o">REV MEXDESE</subfield>
    <subfield code="p">RE00000575</subfield>
    <subfield code="r">2019-05-13 00:00:00</subfield>
    <subfield code="s">2019-05-10</subfield>
    <subfield code="t">Ej.2</subfield>
    <subfield code="w">2018-04-27</subfield>
    <subfield code="y">REV</subfield>
  </datafield>
  <datafield tag="952" ind1=" " ind2=" ">
    <subfield code="0">0</subfield>
    <subfield code="1">0</subfield>
    <subfield code="2">lcc</subfield>
    <subfield code="4">0</subfield>
    <subfield code="7">0</subfield>
    <subfield code="a">001</subfield>
    <subfield code="b">001</subfield>
    <subfield code="c">3</subfield>
    <subfield code="d">2018-04-27</subfield>
    <subfield code="e">2</subfield>
    <subfield code="h">2013 Zacatecas</subfield>
    <subfield code="l">0</subfield>
    <subfield code="o">REV MEXDESE</subfield>
    <subfield code="p">RE00000576</subfield>
    <subfield code="r">2018-04-27 00:00:00</subfield>
    <subfield code="t">Ej.1</subfield>
    <subfield code="w">2018-04-27</subfield>
    <subfield code="y">REV</subfield>
  </datafield>
  <datafield tag="952" ind1=" " ind2=" ">
    <subfield code="0">0</subfield>
    <subfield code="1">0</subfield>
    <subfield code="2">lcc</subfield>
    <subfield code="4">0</subfield>
    <subfield code="7">0</subfield>
    <subfield code="a">001</subfield>
    <subfield code="b">001</subfield>
    <subfield code="c">3</subfield>
    <subfield code="d">2018-04-27</subfield>
    <subfield code="e">2</subfield>
    <subfield code="h">2012 Chihuahua</subfield>
    <subfield code="l">0</subfield>
    <subfield code="o">REV MEXDESE</subfield>
    <subfield code="p">RE00000577</subfield>
    <subfield code="r">2018-04-27 00:00:00</subfield>
    <subfield code="t">Ej.1</subfield>
    <subfield code="w">2018-04-27</subfield>
    <subfield code="y">REV</subfield>
  </datafield>
  <datafield tag="952" ind1=" " ind2=" ">
    <subfield code="0">0</subfield>
    <subfield code="1">0</subfield>
    <subfield code="2">lcc</subfield>
    <subfield code="4">0</subfield>
    <subfield code="7">0</subfield>
    <subfield code="a">001</subfield>
    <subfield code="b">001</subfield>
    <subfield code="c">3</subfield>
    <subfield code="d">2018-04-27</subfield>
    <subfield code="e">2</subfield>
    <subfield code="h">2012 Oaxaca Gu&#xED;a Gastron&#xF3;mica</subfield>
    <subfield code="l">9</subfield>
    <subfield code="o">REV MEXDESE</subfield>
    <subfield code="p">RE00000578</subfield>
    <subfield code="r">2023-04-25 00:00:00</subfield>
    <subfield code="s">2023-04-24</subfield>
    <subfield code="t">Ej.1</subfield>
    <subfield code="w">2018-04-27</subfield>
    <subfield code="y">REV</subfield>
  </datafield>
  <datafield tag="952" ind1=" " ind2=" ">
    <subfield code="0">0</subfield>
    <subfield code="1">0</subfield>
    <subfield code="2">lcc</subfield>
    <subfield code="4">0</subfield>
    <subfield code="7">0</subfield>
    <subfield code="a">001</subfield>
    <subfield code="b">001</subfield>
    <subfield code="c">3</subfield>
    <subfield code="d">2018-04-27</subfield>
    <subfield code="e">2</subfield>
    <subfield code="h">2011 Carreteras Escenicas</subfield>
    <subfield code="l">0</subfield>
    <subfield code="o">REV MEXDESE</subfield>
    <subfield code="p">RE00000579</subfield>
    <subfield code="r">2018-04-27 00:00:00</subfield>
    <subfield code="t">Ej.1</subfield>
    <subfield code="w">2018-04-27</subfield>
    <subfield code="y">REV</subfield>
  </datafield>
  <datafield tag="952" ind1=" " ind2=" ">
    <subfield code="0">0</subfield>
    <subfield code="1">0</subfield>
    <subfield code="2">lcc</subfield>
    <subfield code="4">0</subfield>
    <subfield code="7">0</subfield>
    <subfield code="a">001</subfield>
    <subfield code="b">001</subfield>
    <subfield code="c">3</subfield>
    <subfield code="d">2018-04-28</subfield>
    <subfield code="e">2</subfield>
    <subfield code="h">2012 Guanajuato</subfield>
    <subfield code="l">2</subfield>
    <subfield code="o">REV MEXDESE</subfield>
    <subfield code="p">RE00000580</subfield>
    <subfield code="r">2022-09-19 00:00:00</subfield>
    <subfield code="s">2022-09-19</subfield>
    <subfield code="t">Ej.1</subfield>
    <subfield code="w">2018-04-28</subfield>
    <subfield code="y">REV</subfield>
  </datafield>
</record>
